| 000 -LEADER |
| fixed length control field |
00417nam a22001337a 4500 |
| 082 ## - DEWEY DECIMAL CLASSIFICATION NUMBER |
| Classification number |
I551 G646 |
| 100 ## - MAIN ENTRY--PERSONAL NAME |
| Personal name |
Gopinath, T. |
| 9 (RLIN) |
58858 |
| 245 ## - TITLE STATEMENT |
| Title |
Research methodology and ethics: a beginner's guide |
| Statement of responsibility, etc |
by T. Gopinath, Aman Sharma and Sourabh Prakash |
| 260 ## - PUBLICATION, DISTRIBUTION, ETC. (IMPRINT) |
| Place of publication, distribution, etc |
Chandigarh |
| Name of publisher, distributor, etc |
Abhishek |
| Date of publication, distribution, etc |
2024 |
| 300 ## - PHYSICAL DESCRIPTION |
| Extent |
257p. |
| 650 ## - SUBJECT ADDED ENTRY--TOPICAL TERM |
| Topical term or geographic name as entry element |
Research methods |
| 9 (RLIN) |
58859 |
| 700 ## - ADDED ENTRY--PERSONAL NAME |
| Personal name |
Sharma, Aman |
| 9 (RLIN) |
58860 |
| 700 ## - ADDED ENTRY--PERSONAL NAME |
| Personal name |
Prakash, Sourabh |
| 9 (RLIN) |
58861 |